| 000 | 00366nam a22001217a 4500 | ||
|---|---|---|---|
| 008 | 180607b xxu||||| |||| 00| 0 eng d | ||
| 041 | _aeng | ||
| 080 | _a043.3 | ||
| 100 | _a0 | ||
| 101 | _aMEK-BA | ||
| 245 |
_aAvantazhet e Energjise Solare dhe shqyrtimi i mundesive per shfrytezim te ketij lloji te Energjise ne Territorin e Kosoves _cBerisha, G |
||
| 942 |
_2udc _cBK |
||
| 999 |
_c46514 _d46514 |
||